000 00366 a2200169 4500
001 189591
020 _a978-85-250-4595-9
040 _cMagnum
100 _aLobato, Monteiro
240 1 0 _aA chave do tamanho
_lpor
245 1 0 _aA chave do tamanho
300 _a127
362 0 _a2008
440 1 _aGlobo
697 _aLITERATURA INFANTO-JUVENIL
942 _cBK
999 _c189591
_d189591